Tourism taxation striking a fair deal
Gespeichert in:
| Format: | Buch |
|---|---|
| Sprache: | Englisch |
| Veröffentlicht: |
Madrid
The World Tourism Organization
1998
|
| Schlagworte: | |
| Tags: |
Keine Tags, Fügen Sie das erste Tag hinzu!
|
MARC
| LEADER | 00000nam a2200000 4500 | ||
|---|---|---|---|
| 001 | c114838 | ||
| 005 | 20221221083803.5 | ||
| 020 | |a 92-844-0248-4 | ||
| 041 | 0 | |a eng | |
| 044 | |a ES | ||
| 245 | 1 | 0 | |a Tourism taxation |b striking a fair deal |
| 264 | 1 | |a Madrid |b The World Tourism Organization |c 1998 | |
| 300 | |a 98 s. | ||
| 610 | 2 | 0 | |a turistika |
| 610 | 2 | 0 | |a ruch cestovný |
| 610 | 2 | 0 | |a poplatky |
| 610 | 2 | 0 | |a systémy daňové |
| 610 | 2 | 0 | |a obchod |
| 610 | 2 | 0 | |a miesta pracovné |
| 610 | 2 | 0 | |a liberalizácia |
| 610 | 2 | 0 | |a náklady |
| 610 | 2 | 0 | |a sektor súkromný |
| 610 | 2 | 0 | |a doprava |
| 610 | 2 | 0 | |a štúdie prípadové |
| 610 | 2 | 0 | |a dopyt |
| 610 | 2 | 0 | |a ponuka |
| 610 | 2 | 0 | |a predaj |
| 610 | 2 | 0 | |a úver |
| 610 | 2 | 0 | |a svet |
| 610 | 2 | 0 | |a Európska únia |
| 610 | 2 | 0 | |a organizácie medzinárodné |